000 00639nas a2200229 4500
001 BR7305327
003 BR-BrBNA
005 20231205082520.0
007 ta
008 230509b bl.|||p| |||| 00| 00por d
040 _aBR-BrBNA
_bpor
_cBiblioteca Nacional de Agricultura
041 _a(Pt)
072 _aL00
100 1 _aSather, I.
245 1 _aRazoes diversas aconselham descorna [bovino]
650 _aBOVINO
650 _aBEZERRO
650 _aDESCORNA
773 0 _tAgricultura e Pecuaria (Brazil)
_xISSN 0100-249X
_g(Oct 1976), (no. 614) p. 27
_wBR7305327
909 _a202311
_bLúcia
_c55
_dLúcia Elande
942 _2AGRIS
_n0
_cANA
999 _c92461
_d92461